000 00263nam a22001217a 4500
020 _a001
082 _a001
_bLEA/L
245 _aTHE LUNGS AND THE RESPIRATORY SYSTEM
260 _aNEW DELHI
_bLEARNERS PRESS
300 _a31
650 _aGK
_zNEW DELHI
942 _cBK
999 _c6267
_d6267